[Event "RUS-chT blitz"]
[Site "Sochi"]
[Date "2016.10.07"]
[Round "13.5"]
[White "Yuffa, Daniil"]
[Black "Neznanov, Aleksandr"]
[Result "1-0"]
[WhiteElo "2534"]
[BlackElo "2050"]
[PlyCount "87"]
[EventDate "2016.10.07"]
[EventType "team-swiss (blitz)"]
[EventRounds "15"]
[EventCountry "RUS"]
[SourceTitle "EXT 2017"]
[Source "ChessBase"]
[SourceDate "2016.10.25"]
[SourceVersion "1"]
[SourceVersionDate "2016.10.25"]
[SourceQuality "1"]
[WhiteTeam "Bulbasaur Samara Region"]
[BlackTeam "Crimea Republic"]
[WhiteTeamCountry "RUS"]
[BlackTeamCountry "RUS"]

1. d4 d5 2. c4 e6 3. Nf3 Nf6 4. g3 Be7 5. Bg2 0-0 6. 0-0 dxc4 7. Ne5 c5 8. Na3 cxd4 9. Naxc4 h6 10. Bd2 Nbd7 11. Ba5 Nb6 12. Qb3 Bd7 13. Nxb6 axb6 14. Bxb6 Qb8 15. Nxd7 Nxd7 16. Bxd4 Nc5 17. Qb5 Qd6 18. Rfd1 Rad8 19. Bf3 e5 20. Bxc5 Qxc5 21. Qxc5 Bxc5 22. Bxb7 Rb8 23. Rd7 Bd4 24. Rb1 Rfd8 25. Rxd8+ Rxd8 26. e3 Bb6 27. a4 Rb8 28. Bc6 Ba5 29. Bb5 Bb4 30. Rc1 Rd8 31. Rc4 Be7 32. Rc7 Bb4 33. Bc4 Rd1+ 34. Kg2 Rd2 35. Bxf7+ Kh7 36. b3 Ba5 37. Rb7 Rb2 38. Kf1 Rb1+ 39. Ke2 Rb2+ 40. Kf1 Rb1+ 41. Kg2 Rb2 42. Bc4 e4 43. Bd5 Be1 44. Bxe4+ 1-0

[Event "RUS-chT U14"]
[Site "Sochi"]
[Date "2015.05.06"]
[Round "6.3"]
[White "Smelykh, Edvin"]
[Black "Neznanov, Aleksandr"]
[Result "0-1"]
[WhiteElo "1238"]
[BlackElo "1958"]
[PlyCount "108"]
[EventDate "2015.05.01"]
[EventType "team-swiss"]
[EventRounds "7"]
[EventCountry "RUS"]
[SourceTitle "EXT 2018"]
[Source "ChessBase"]
[SourceDate "2017.10.13"]
[SourceVersion "1"]
[SourceVersionDate "2017.10.13"]
[SourceQuality "1"]

1. e4 c5 2. Nf3 e6 3. d4 cxd4 4. Nxd4 Nf6 5. Nc3 d6 6. Bb5+ Bd7 7. Bxd7+ Qxd7 8. 0-0 Be7 9. f4 Nc6 10. Nf3 0-0-0 11. Ng5 Rhf8 12. Re1 h6 13. Nf3 Qc7 14. Qe2 d5 15. e5 Ng8 16. Kh1 Bc5 17. Rd1 Nge7 18. Na4 Bb6 19. Nxb6+ Qxb6 20. Qe3 d4 21. Qf2 Rd5 22. c3 dxc3 23. Be3 Qxb2 24. Qxb2 cxb2 25. Rab1 Rxd1+ 26. Rxd1 Nd5 27. Bc5 Nc3 28. Bxf8 Nxd1 29. Nd2 Nc3 30. Bxg7 h5 31. h3 b1Q+ 32. Nxb1 Nxb1 33. Kh2 Ne7 34. Bf6 Ng6 35. Bg5 Nc3 36. g4 hxg4 37. hxg4 Ne2 38. f5 Nxe5 39. Kh3 exf5 40. gxf5 b5 41. Bf6 Nd7 42. Bb2 a5 43. Kg4 b4 44. a3 bxa3 45. Bxa3 Ne5+ 46. Kg5 Kd7 47. Kf6 Nc4 48. Bc5 Ke8 49. Kg5 a4 50. Kg4 a3 51. Bxa3 Nxa3 52. Kg5 Nc4 53. Kg4 Ne5+ 54. Kg5 Ke7 0-1

[Event "RUS-chT U14"]
[Site "Sochi"]
[Date "2015.05.05"]
[Round "5.1"]
[White "Bogolepov, Grigory"]
[Black "Neznanov, Aleksandr"]
[Result "1-0"]
[WhiteElo "1944"]
[BlackElo "1958"]
[PlyCount "75"]
[EventDate "2015.05.01"]
[EventType "team-swiss"]
[EventRounds "7"]
[EventCountry "RUS"]
[SourceTitle "EXT 2018"]
[Source "ChessBase"]
[SourceDate "2017.10.13"]
[SourceVersion "1"]
[SourceVersionDate "2017.10.13"]
[SourceQuality "1"]

1. d4 d5 2. c4 e6 3. Nc3 Nf6 4. cxd5 exd5 5. Bg5 Be7 6. e3 0-0 7. Bd3 c6 8. Qc2 Nbd7 9. Nge2 Re8 10. 0-0 Nf8 11. f3 Nh5 12. Bxe7 Qxe7 13. e4 dxe4 14. fxe4 Nf6 15. h3 Be6 16. e5 Nd5 17. Nxd5 Bxd5 18. Ng3 c5 19. Nf5 Qg5 20. Bc4 Bxc4 21. Qxc4 Ne6 22. dxc5 Rad8 23. Nd6 Qe3+ 24. Kh1 Re7 25. Rxf7 Rdd7 26. Raf1 h6 27. Rxe7 Rxe7 28. Nf5 Qg5 29. h4 Qh5 30. Nxe7+ Kh8 31. Qxe6 Qxh4+ 32. Qh3 Qxe7 33. e6 Qxc5 34. Qh4 Kh7 35. e7 Qc6 36. Re1 Qe8 37. Qe4+ Kh8 38. Qf5 1-0

[Event "RUS-chT U14"]
[Site "Sochi"]
[Date "2015.05.04"]
[Round "4.2"]
[White "Neznanov, Aleksandr"]
[Black "German, Nikita"]
[Result "1/2-1/2"]
[WhiteElo "1958"]
[BlackElo "2013"]
[PlyCount "81"]
[EventDate "2015.05.01"]
[EventType "team-swiss"]
[EventRounds "7"]
[EventCountry "RUS"]
[SourceTitle "EXT 2018"]
[Source "ChessBase"]
[SourceDate "2017.10.13"]
[SourceVersion "1"]
[SourceVersionDate "2017.10.13"]
[SourceQuality "1"]

1. d4 f5 2. c4 Nf6 3. Nc3 d6 4. Nf3 g6 5. g3 Bg7 6. Bg2 0-0 7. 0-0 h6 8. b3 Qe8 9. Bb2 g5 10. d5 Nbd7 11. Nd2 Ne5 12. Nb5 Qd8 13. Qc2 a6 14. Nd4 Nh5 15. c5 g4 16. Rac1 f4 17. cxd6 cxd6 18. Ne6 Bxe6 19. dxe6 Qb6 20. Bxe5 dxe5 21. Qc5 Qxc5 22. Rxc5 Rad8 23. Nc4 b5 24. Nxe5 Rf5 25. Nd7 Rxc5 26. Nxc5 fxg3 27. hxg3 Nxg3 28. fxg3 Bd4+ 29. Kh2 Bxc5 30. Rf4 Rd2 31. Rxg4+ Kh8 32. a4 Rxe2 33. Re4 Rxe4 34. Bxe4 bxa4 35. bxa4 a5 36. Bc6 Kg7 37. Kg2 Kf6 38. Bd7 Bb4 39. Kf3 Ba3 40. g4 Bc1 41. Ke4 1/2-1/2

[Event "RUS-chT U14"]
[Site "Sochi"]
[Date "2015.05.01"]
[Round "1.3"]
[White "Neznanov, Aleksandr"]
[Black "Ivanov, Pavel P"]
[Result "1-0"]
[WhiteElo "1958"]
[BlackElo "1723"]
[PlyCount "89"]
[EventDate "2015.05.01"]
[EventType "team-swiss"]
[EventRounds "7"]
[EventCountry "RUS"]
[SourceTitle "EXT 2018"]
[Source "ChessBase"]
[SourceDate "2017.10.13"]
[SourceVersion "1"]
[SourceVersionDate "2017.10.13"]
[SourceQuality "1"]

1. c4 Nf6 2. Nc3 e5 3. g3 d5 4. cxd5 Nxd5 5. Bg2 Nb6 6. Nf3 Nc6 7. 0-0 Be7 8. d3 Be6 9. Bd2 0-0 10. Rc1 Qd7 11. Re1 f6 12. Ne4 Rad8 13. Nc5 Bxc5 14. Rxc5 Kh8 15. Qc2 Nd5 16. a3 a6 17. b4 Rf7 18. Rc1 Rc8 19. Qb2 Na7 20. e4 Nb6 21. Qc2 Nb5 22. a4 Nd4 23. Nxd4 Qxd4 24. a5 Na8 25. Be3 Qd7 26. Rd1 c6 27. d4 exd4 28. Rxd4 Qe8 29. e5 Bf5 30. Qxf5 fxe5 31. Qxe5 Re7 32. Qf4 Nc7 33. Re4 Rxe4 34. Qxe4 Qd7 35. Qd4 Qf7 36. Re5 Nb5 37. Qf4 Qa2 38. Re7 Rg8 39. Qf7 Qb1+ 40. Bf1 Nd6 41. Qe6 Qxb4 42. Bf4 Nf5 43. Re8 Rf8 44. Bd6 Qxd6 45. Qxd6 1-0